Nové trendy v personálnom riadení podniku bakalárska práca

Na minha lista:
Detalhes bibliográficos
Autor principal: Zajíčková, Pavla
Autor Corporativo: Fakulta podnikového manažmentu EU. Katedra manažmentu
Outros Autores: Joniaková, Zuzana, 1970-
Formato: Livro
Idioma:eslovaco
Publicado em: Bratislava 2014
Tags: Adicionar Tag
Sem tags, seja o primeiro a adicionar uma tag!

MARC

LEADER 00000nbm a2200000 4500
001 0189572
005 20170201091748.8
041 0 |a slo 
044 |a SK 
245 1 0 |a Nové trendy v personálnom riadení podniku  |b bakalárska práca  |c Pavla Zajíčková ; školiteľ: Jana Blštáková 
264 1 |a Bratislava  |c 2014 
300 |a 60 s. 
100 1 |a Zajíčková, Pavla 
700 1 |a Joniaková, Zuzana, 1970- 
710 2 |a Fakulta podnikového manažmentu EU. Katedra manažmentu